SDRs, currencies, and gold : sixth survey of new legal developments /

Bibliographic Details
Main Author: Gold, Joseph, 1912-2000
Format: Book
Language:English
Published: Washington, D.C. : International Monetary Fund, 1983.
Series:Pamphlet series (International Monetary Fund) ; no. 40.
Subjects:

MARC

Tag First Indicator Second Indicator Subfields
LEADER 00000cam a2200000 a 4500
001 in00000540310
005 20210515064127.0
008 840120s1983 dcu b 00110 eng
010 |a  83192173  
035 |a (OCoLC)09864733 
035 |9 ACG5221AM 
039 0 |a 2  |b 3  |c 3  |d 3  |e 3 
040 |a DLC  |c DLC  |d TXA  |d UtOrBLW 
049 |a TXAM  |c [1390168] 
050 0 0 |a K4430  |b .G65 1983 
082 0 |a 341.7/51  |2 19 
100 1 |a Gold, Joseph,  |d 1912-2000. 
245 1 0 |a SDRs, currencies, and gold :  |b sixth survey of new legal developments /  |c Joseph Gold. 
264 1 |a Washington, D.C. :  |b International Monetary Fund,  |c 1983. 
300 |a xiii, 148 pages ;  |c 23 cm. 
336 |a text  |b txt  |2 rdacontent 
337 |a unmediated  |b n  |2 rdamedia 
338 |a volume  |b nc  |2 rdacarrier 
490 1 |a Pamphlet series / International Monetary Fund,  |x 0538-8759 ;  |v no. 40 
504 |a Includes bibliographical references and index. 
650 0 |a Money  |x Law and legislation. 
650 0 |a Special drawing rights. 
650 0 |a Gold  |x Law and legislation. 
650 0 |a Foreign exchange  |x Law and legislation. 
740 0 |a S.D.R.s, currencies, and gold. 
830 0 |a Pamphlet series (International Monetary Fund) ;  |v no. 40. 
999 |a MARS 
999 f f |s 216d2874-b00c-3a5d-aa89-3d79b49298a4  |i 64a7b3e3-7516-3da2-b95e-51a56174d1c2  |t 0 
952 f f |p ric  |a Texas A&M University  |b Rellis Campus  |c Joint Library Facility  |d Remote Storage  |t 0  |e K4430 .G65 1983  |h Library of Congress classification  |i unmediated -- volume  |m A14808149237 
998 f f |a K4430 .G65 1983  |t 0  |l Remote Storage